02369cam a22003258i 450000100090000000300040000900500170001300800410003001000170007102000300008802000310011802000270014904000230017604200080019905000210020708200200022824501050024826300090035326400690036230000140043133600260044533700280047133800270049950400510052652012160057765000440179370000290183770000290186677601480189521660442OSt20230916114028.0200811s2021 enk b 001 0 eng  a 2020034378 a9780367028664q(hardback) a9780367028695q(paperback) z9780429019227q(ebook) aDLCbengerdacDLC apcc00aRD97b.P788 202100a617.1027bGLE/P04aThe psychology of sport injury :bfrom risk to retirement /cedited by Adam Gledhill, Dale Forsdyke. a2012 1aMilton Park, Abingdon, Oxon ;aNew York, NY :bRoutledge,c2021. a220 pages atextbtxt2rdacontent aunmediatedbn2rdamedia avolumebnc2rdacarrier aIncludes bibliographical references and index. a"The Psychology of Sports Injury: From Risk to Retirement provides a critical overview of the psychology of sports injury, covering the 5Rs of sports injury: risk, response, rehabilitation, return to sport, and retirement. Drawing on a range of expert international perspectives from the fields of sport psychology and sport and exercise medicine, The Psychology of Sports Injury covers the psychological considerations associated with sports injuries, prior to the onset of injury through to supporting athletes with post-injury retirement. In addition to this injury lifespan perspective, the book features special interest topics including anterior cruciate ligament injury, sport-related concussion, spinal cord injury and the role of coaches in achieving athlete and team medical outcomes. Additionally, case studies provide the opportunity to apply learning from each chapter. By covering the sports injury journey from risk factors to retirement and including athlete mental health during sports injury, The Psychology of Sports Injury is an essential text for students, instructors, and practitioners in sports psychology, sport and exercise medicine, and other related fields"--cProvided by publisher. 0aSports injuriesxPsychological aspects.1 aGledhill, Adam,eeditor.1 aForsdyke, Dale,eeditor.08iOnline version:tThe psychology of sport injurydMilton Park, Abingdon, Oxon ; New York, NY : Routledge, 2021.z9780429019227w(DLC) 2020034379